000 01901cam a22004694i 4500
003 PE-LiUPU
005 20250731172716.0
008 150617s1974 ag r 000 0 spa d
035 _a(Sirsi) a10780
040 _aPE-LiUPU
_bspa
_cPE-LiUPU
_erda
049 _aPRUA
082 0 4 _a233.11
_bC87
_221
100 1 _aCroatto, José Severino,
_eautor.
245 1 3 _aEl hombre en el mundo - I :
_bCreación y designio.
_n1 /
_cJosé Severino Croatto.
264 1 _aBuenos Aires :
_bEditorial La Aurora,
_c1974.
300 _a270 páginas ;
_c22 cm.
336 _atext
_2rdacontent
337 _aunmediated
_2rdamedia
338 _avolume
_2rdacarrier
490 0 _aBiblioteca de estudios teológicos
505 0 _aAproximación general -- Estructura literaria -- La epifanía del Dios Creador -- Caos y Cosmos en el mundo antiguo -- La luz y la palabra -- El universo del hombre -- Tiempo astrológico y el tiempo del hombre -- Los animales del mar y de la tierra -- El hombre-imagen -- El hombre en el mundo -- El "descanso" de la plenitud -- La alabanza de la palabra. Síntesis del relato "sacerdotal".
526 _aSEG42
526 _aSEG41
526 _aSEG40
526 _aSEG39
526 _aP94
526 _aP87
526 _aP86
526 _aP85
526 _aP77
526 _aP76
526 _aP35
650 0 4 _aHombre
_xCreación.
650 0 4 _aHombre
_xOrigen.
910 _ajck
_bjvq
_cjck
_d20150616
942 _2ddc
_cBOOK
949 _a233.11 C87 1
_wDEWEY
_c1
_i28944
_lCCODEBUL1
_mBUL
_p20.00
_r0
_sY
_tBOOK
_u2015-04-21
_xTEOLOGIA
_PP35
_0COMPRA
_o.STAFF. Colección Teología
994 _aC0
_bPEPRU
596 _a1
999 _a233.11 C87 1
_wDEWEY
_c862
_i28944
_d862
_e2016-4-24
_f2021-11-10
_g5
_lCCODEBUL1
_mBUL
_n1
_p20.00
_r0
_sY
_tBOOK
_u2015-4-21
_xTEOLOGIA
_PP35
_0COMPRA
_o.STAFF. Colección Teología
980 _81
_gALBERTO SANCHEZ Responsable de Automatización